Les parlers régionaux / (Registro nro. 133448)

Detalles MARC
000 -LEADER
campo de control de longitud fija 00753nam a2200241 i 4500
001 - NÚMERO DE CONTROL
campo de control 133448
003 - IDENTIFICADOR DE NÚMERO DE CONTROL
campo de control ES-MaACL
005 - FECHA Y HORA DE LA ÚLTIMA TRANSACCIÓN
campo de control 20230906194417.0
007 - CAMPO FIJO DE DESCRIPCIÓN FÍSICA--INFORMACIÓN GENERAL
campo de control de longitud fija t|
008 - DATOS DE LONGITUD FIJA--INFORMACIÓN GENERAL
campo de control de longitud fija 070814s1973 fr ||||1| fre d
080 ## - NÚMERO DE LA CLASIFICACIÓN DECIMAL UNIVERSAL
Número de la Clasificación Decimal Universal 811.134.3
100 1# - ENTRADA PRINCIPAL--NOMBRE DE PERSONA
Nombre de persona Lerond, Alain.
9 (RLIN) 71790
245 14 - MENCIÓN DEL TÍTULO
Título Les parlers régionaux /
Mención de responsabilidad, etc. Alain Lerond.
260 ## - PUBLICACIÓN, DISTRIBUCIÓN, ETC.
Lugar de publicación, distribución, etc. Paris :
Nombre del editor, distribuidor, etc. Larousse,
Fecha de publicación, distribución, etc. [1973]
300 ## - DESCRIPCIÓN FÍSICA
Extensión 135 p. ;
Dimensiones 23 cm.
490 1# - MENCIÓN DE SERIE
Mención de serie Langue fraçaise ;
Designación de volumen o secuencia 18
500 ## - NOTA GENERAL
Nota general Biblioteca Jacinto Martínez Lacalle.
500 ## - NOTA GENERAL
Nota general Número monográfico de la revista Langue française, nº 18 mai 1973.
650 14 - PUNTO DE ACCESO ADICIONAL DE MATERIA--TÉRMINO DE MATERIA
Término de materia o nombre geográfico como elemento de entrada Lengua francesa-
Subdivisión general Regionalismos.
9 (RLIN) 14231
830 0# - PUNTO DE ACCESO ADICIONAL DE SERIE-TÍTULO UNIFORME
Título uniforme Langue fraçaise ;
Designación de volumen o secuencia 18
9 (RLIN) 219738
852 ## - LOCALIZACIÓN
Ubicación ES-MaACL
Número de control de estantería E-11947
Sublocalización o colección R.139880
Existencias
Estatus retirado Estado de pérdida Estado de daño No para préstamo Biblioteca de origen Biblioteca actual Ubicación en estantería Fecha de adquisición Fuente de adquisición Total de préstamos Signatura topográfica completa Código de barras Visto por última vez Precio de reemplazo Tipo de ítem Koha
        Biblioteca del Ateneo de Madrid Biblioteca del Ateneo de Madrid Depósito 2 17/01/2008     E-11947 1138923 23/02/2023 23/02/2023 Libro impreso